| 000 | 00859nam a22002175i 4500 | ||
|---|---|---|---|
| 001 | 177590 | ||
| 003 | ES-MaACL | ||
| 005 | 20230906220353.0 | ||
| 008 | 110405s1963 sp |||| | spa d | ||
| 080 | _a351.95(460) | ||
| 100 | 1 |
_aMartín Retortillo, Cirilo. _977625 |
|
| 245 | 1 | 0 |
_aSuspensión de los actos administrativos por los tribunales de lo contencioso / _cpor Cirilo Martín-Retortillo González. |
| 260 |
_aMadrid : _bMontecorvo, _c1963. |
||
| 300 |
_a161, [2] p. ; _c24 cm. |
||
| 490 | 1 |
_aMonografías. Colección de estudios jurídicos ; _v2 |
|
| 650 | 0 | 4 |
_aSuspensión de actos administrativos- _zEspaña. _917270 |
| 650 | 0 | 4 |
_aProcedimiento contencioso administrativo- _zEspaña. _916424 |
| 830 | 0 |
_aMonografías. Colección de estudios jurídicos ; _v2 _9190484 |
|
| 852 |
_aES-MaACL _jE-14793 _xOlim P-860-bis |
||
| 999 |
_c177590 _d177590 |
||